| 000 | 00420cam a2200157ua 4500 | ||
|---|---|---|---|
| 020 | _a81 224 0804 4 | ||
| 041 |
_aeng _h |
||
| 082 |
_a628 _bDIK/SA |
||
| 100 | _aDikshith, T SS . | ||
| 245 |
_aSafety evaluation of environmental chemicals / _cT S S Dixit. _hTextual Documents |
||
| 260 |
_aNew Delhi : _bNew Age International Ltd , _c1996. |
||
| 300 | _a239 ; . | ||
| 504 | _a | ||
| 942 | _cBK | ||
| 999 |
_c5663 _d5663 |
||